| 000 | 00639nam a2200181Ia 4500 | ||
|---|---|---|---|
| 008 | 220216s9999 xx 000 0 und d | ||
| 100 | _aJacob C K | ||
| 245 | 0 | _aHistory of Phytophthora disease control of natural rubber in India | |
| 260 | _bPhytophthora Diseases of Plantation Crops. (Eds. Jacob Mathew; C. Bindu Roy; C. Kuruvilla Jacob and N. Ramachandran).Westville Publishing House, New Delhi, pp. 1-5. | ||
| 500 | _aSource Year: 2015 | ||
| 650 | _aAbnormal leaf fall | ||
| 650 | _aBlack stripe | ||
| 650 | _aDisease control | ||
| 650 | _aPatch canker | ||
| 650 | _aPhytophthora | ||
| 650 | _aShoot rot disease | ||
| 942 | _cJS | ||
| 999 |
_c60459 _d60459 |
||